| 000 | 01504nam a2200409Ii 4500 | ||
|---|---|---|---|
| 001 | DIGEDICNSB0017 | ||
| 003 | NyNyDIG | ||
| 008 | 221005s2013 sp o 001 0 spa d | ||
| 006 | m o d | ||
| 007 | cr ||||||||||| | ||
| 035 | _a(OCoLC)1379482958 | ||
| 040 |
_aDGITA _beng _erda _epn _cDGITA |
||
| 020 |
_a9788490195789 _qeBook |
||
| 020 | _z9788466653886 | ||
| 050 | 1 | 4 | _aHF5415 ebook |
| 100 | 1 |
_aMedina Aguerrebere, Pablo, _eauthor. |
|
| 245 | 1 | 3 |
_aLa publicidad si vende / _cPablo Medina Aguerrebere y Pilar Buil Gazol. |
| 264 | 1 |
_aBarcelona (España) : _bEdiciones B, _c[2013] |
|
| 300 | _a1 online resource. | ||
| 336 |
_atext _btxt _2rdacontent |
||
| 337 |
_acomputer _bc _2rdamedia |
||
| 338 |
_aonline resource _bcr _2rdacarrier |
||
| 347 |
_atext file _2rdaft |
||
| 347 | _bEPUB | ||
| 500 | _a"Conversaciones con los diez grandes de la publicidad." | ||
| 500 | _aIncludes index. | ||
| 588 | 0 | _aOnline resource; title from ePub title page (Digitalia, viewed October 05, 2022) | |
| 650 | 0 | _aMarketing. | |
| 650 | 0 | _aAdvertising. | |
| 700 | 1 |
_aBuil Gazol, Pilar, _eauthor. |
|
| 791 | 2 |
_aDigitalia (Firm), _edistributor. |
|
| 793 | 0 |
_gDigitalia eBook Collection: _aEdiciones B |
|
| 776 | 0 | 8 |
_iPrint version: _aMedina Aguerrebere, Pablo. _tPublicidad si vende. _b1a edición. _dBarcelona (España) : Ediciones B, [2013] _z9788466653886 |
| 856 | 4 | 0 |
_3Digitalia Hispánica _uhttps://www.digitaliapublishing.com/a/52807/ |
| 910 | _aPremium collection: 2022 | ||
| 942 | _cRAA | ||
| 999 |
_c253492 _d253492 |
||